MARC

LEADER 00000nam0a2200000 4500
001 248284
005 20231101232355.0
010 |a 5247001125 
035 |a (RuTPU)RU\TPU\book\270044 
090 |a 248284 
100 |a 20140121d1988 k y0rusy50 ca 
101 0 |a rus 
102 |a RU 
105 |a a z 001zy 
200 1 |a Резервы повышения производительности труда на геологоразведочных работах  |f В. Е. Тищенко, А. У. Жук, П. М. Моссур 
210 |a Москва  |c Недра  |d 1988 
215 |a 199 с.  |c ил. 
320 |a Библиогр.: с. 197-198. 
606 1 |a Геологоразведочные работы  |x Производительность труда  |2 stltpush  |3 (RuTPU)RU\TPU\subj\6145  |9 34101 
610 1 |a резервы 
610 1 |a системный анализ 
610 1 |a прогнозирование 
610 1 |a научно-технический прогресс 
610 1 |a нормирование 
610 1 |a материальное стимулирование 
610 1 |a моральные стимулы 
610 1 |a стабилизация 
675 |a 550.8.02:658.3  |v 3 
700 1 |a Тищенко  |b В. Е.  |g Виктор Елисеевич 
701 1 |a Жук  |b А. У.  |g Антон Устинович 
701 1 |a Моссур  |b П. М.  |g Петр Митрофанович 
801 1 |a RU  |b 63413507  |c 20140121 
801 2 |a RU  |b 63413507  |c 20140619  |g RCR 
942 |c BK